Първите 1000 думи на английски (Запис номер 419933)
[ съкратено ]
| 000 -Лидер | |
|---|---|
| Лидер | 01500nam a2200313 a 4500 |
| 003 - Код на организацията, давaща контролен номер | |
| Код на организацията, даваща контролен номер | BLK |
| 005 - Дата и час на последна редакция | |
| Дата и час на последна редакция | 20250510140344.0 |
| 008 - Елементи от данни с фиксирана дължина | |
| Елементи с фиксирана дължина | 180409b bul|||||r ||||||| ||bul|| |
| 020 ## - Международен стандартен номер на книга ISBN | |
| ISBN | 9789546854698 |
| 040 ## - Източник на каталожния запис | |
| Код на библиотеката | BLK |
| 041 ## - Код за език | |
| Език | Английски |
| Език за КДБФ | Български |
| Други езици | Български |
| 080 ## - УДК | |
| УДК текст | Лексикология. Езикови речници и разговорници. Лексикография |
| УДК код | 81`374 |
| УДК – определител | =111=163.2:087.5 |
| УДК – код + определител | 81`374=111=163.2:087.5 |
| 080 ## - УДК | |
| УДК текст | Английски език - учебни предмети |
| УДК код | 373.3.016:811.111 |
| УДК – код + определител | 373.3.016:811.111 |
| 9 (RLIN) | 226880 |
| 245 10 - Сведения за заглавието | |
| Заглавие | Първите 1000 думи на английски |
| Подзаглавни данни | Картинен речник + произношения |
| Авторска отговорност | прев. Цонка Казакова |
| 257 ## - Страна на издаване | |
| Страна на създаване/издаване | Великобритания |
| 260 ## - Област на издателските данни | |
| Място на издаване | София |
| Име на издателя | СофтПрес |
| Година на издаване | 2006 |
| 300 ## - Физическа характеристика | |
| Брой страници | 64 с. |
| Илюстрации | с цв. ил. |
| Размер | 31 см |
| 380 ## - Жанр | |
| Жанр | Детска отраслова лит. |
| 500 ## - Общи забележки | |
| Обща забележка | Ориг. загл.: First thousand words in English. - 1. изд. 2007 по доп. сведения. - Предм. показалец. - Доп. тир. 2012 |
| 650 #7 - Допълнително описание по предмет – тема | |
| Предметна рубрика | Английски език - речници |
| 9 (RLIN) | 147024 |
| 653 ## - Ключова дума – ненормативна | |
| Ключови думи | картинни речници |
| 653 ## - Ключова дума – ненормативна | |
| Ключови думи | литература за деца |
| 653 ## - Ключова дума – ненормативна | |
| Ключови думи | детска литература |
| 700 ## - Други автори (авторска отговорност) | |
| Друг автор | Казакова, Цонка |
| 9 (RLIN) | 320859 |
| 852 ## - Местоположение | |
| Отдел | Детски отдел |
| Систематично-азбучна сигнатура | ДН 373.3.016/П 97 |
| 942 ## - АРТИКУЛИ | |
| Вид на библиотечния документ | Книги |
| Скрит в OPAC | Не |
| Koha issues (borrowed), all copies | 3 |
| Периодичен библиозапис | Да |
| 944 ## - СЪЗДАВАНЕ И РЕДАКЦИЯ на ЗАПИСА | |
| Създаване/Редакция | Създаване |
| Дата на регистрацията/редакция | 2021-06-15 |
| Служител, извършил регистрацията/редакцията | 30564 |
| Номер на служител | Анна Гръцманова |
| 999 ## - СИСТЕМНИ КОНТРОЛНИ НОМЕРА | |
| Koha biblionumber | 419933 |
| Koha biblioitemnumber | 419933 |
| Код за отписване | Код за изгубен артикул | Източник на класификационната схема | Код за повреда | Коз за рестрикции | Код за отдаване | Артикулен № | Име на библиотеката - собственик | Име на библиотеката, в която се намира в момента | Статус (Текущо местоположение) | Дата на вписване в системата | Местоположение - отдел | Цена в лева | Систематично азбучна сигнатура | Баркод | Цена в евро | Служебен тип на артикула | Инвентарен номер |
|---|---|---|---|---|---|---|---|---|---|---|---|---|---|---|---|---|---|
| Не е изгубен | Universal Decimal Classification | Не е повреден | без рестрикции | заемане за дома | 837895 | Регионална библиотека "Любен Каравелов" Русе | Регионална библиотека "Любен Каравелов" Русе | ЧЧЗО - англ. ез. - Британски съвет | 2021-06-18 | ЧЧЗО - англ. ез. - Британски съвет | 7.99 | 802.0/П 97 | 120000856898 | 4.09 | Книги | ||
| Не е изгубен | Universal Decimal Classification | Не е повреден | само за читалня | ползва се в читалня | 942554 | Регионална библиотека "Любен Каравелов" Русе | Регионална библиотека "Любен Каравелов" Русе | Хранилище | 2024-04-19 | Основен фонд - ползва се само за читалня | 7.99 | Цб ІІ 32702 | 120000901562 | 4.09 | Книги | 120000901562 | |
| Не е изгубен | Universal Decimal Classification | Не е повреден | заемане за дома | 942598 | Регионална библиотека "Любен Каравелов" Русе | Регионална библиотека "Любен Каравелов" Русе | Детски отдел | 2024-04-19 | Детски отдел | 7.99 | ДН 373.3.016/П 97 | 120000901621 | 4.09 | Книги | 120000901621 |